000 00830nam a22002417a 4500
003 UA-OsUOA
001 67513
007 ta
008 20100301b un ||||| |||| 00| 0 ukr d
090 _a340.11
_bП78
942 _cBK
040 _aUA-OsUOA
_brus
_cUA-OsUOA
_dUA-OsUOA
245 _aПроблемы социалистической законности
_bРеспубликанский межведомственный научный сборник
_cТаций В. Я.
300 _a133 с.
955 _a2
041 _arus
080 _a340.11
022 _a0201-7245
260 _aХарків
_bВища школа
_c1988
250 _nВыпуск 21
650 7 _a340 Право в цілому. Пропедевтика. Методи та допоміжні правничі науки
_2UDC
999 _c353714
_d353714